<?xml version="1.0" encoding="UTF-8"?>
<collection xmlns="http://www.loc.gov/MARC21/slim">
<record>
  <controlfield tag="001">169623</controlfield>
  <controlfield tag="005">20260304131017.0</controlfield>
  <datafield tag="037" ind1=" " ind2=" ">
    <subfield code="a">TAZ-TFM-2025-1007</subfield>
  </datafield>
  <datafield tag="041" ind1=" " ind2=" ">
    <subfield code="a">spa</subfield>
  </datafield>
  <datafield tag="100" ind1="1" ind2=" ">
    <subfield code="a">KARAM MOUNSIF, Omar</subfield>
  </datafield>
  <datafield tag="242" ind1="0" ind2="0">
    <subfield code="a">3D NANOSTRUCTURES FOR THE NEXT GENERATION OF MRAM MEMORIES</subfield>
  </datafield>
  <datafield tag="245" ind1="0" ind2="0">
    <subfield code="a">NANOESTRUCTURAS 3D PARA LA SIGUIENTE GENERACIÓN DE MEMORIAS MRAM</subfield>
  </datafield>
  <datafield tag="260" ind1=" " ind2=" ">
    <subfield code="a">Zaragoza</subfield>
    <subfield code="b">Universidad de Zaragoza</subfield>
    <subfield code="c">2025</subfield>
  </datafield>
  <datafield tag="500" ind1=" " ind2=" ">
    <subfield code="a">Resumen en inglés y en español.</subfield>
  </datafield>
  <datafield tag="506" ind1=" " ind2=" ">
    <subfield code="a">by-nc-sa</subfield>
    <subfield code="b">Creative Commons</subfield>
    <subfield code="c">3.0</subfield>
    <subfield code="u">http://creativecommons.org/licenses/by-nc-sa/3.0/</subfield>
  </datafield>
  <datafield tag="520" ind1=" " ind2=" ">
    <subfield code="a">La nucleación y el movimiento de los Skyrmions están en el centro del desarrollo de nuevas tecnologías como las memorias de tipo "racetrack" o las MRAMs de nueva generación, que presentan mayores capacidades de almacenamiento y operaciones más rápidas y eficientes. El objetivo de este proyecto es dar los primeros pasos para el diseño y desarrollo de nanoestructuras 3D capaces de alojar Skyrmions e investigar su nucleación y movimiento impulsado por gradientes térmicos. Manipular Skyrmions usando efectos térmicos ofrece varias ventajas sobre los métodos eléctricos, ya que evita complicaciones como el efecto Hall de Skyrmions, que puede dificultar trayectorias estables. Además, el uso de gradientes térmicos puede conducir a un menor consumo de energía, haciendo que este enfoque sea más eficiente y sostenible para futuras aplicaciones espintrónicas. Con este propósito, se llevan a cabo una serie de simulaciones térmicas y micromagnéticas usando los softwares COMSOL y MuMAX3 para obtener conocimiento sobre los gradientes térmicos que aparecen en diferentes estructuras y cómo estos afectan el movimiento de los Skyrmions. El modelado se complementa con la caracterización experimental del estado magnético de las nanoestructuras fabricadas, obteniendo ciclos de histéresis compatibles con la aparición de Skyrmions.&lt;br />Skyrmion nucleation and motion are at the core of the development of new technologies such as racetrack memories or new-gen MRAMs, which feature larger storage capacities and faster and more efficient operations. The objective of this project is to take the first steps in design and development of 3D nanostructures capable of hosting Skyrmions to investigate their nucleation and motion driven by thermal gradients. Manipulating Skyrmions using thermal effects offers several advantages over electrical methods, as it avoids complications such as the Skyrmion Hall effect, which can disrupt stable trajectories. Additionally, using thermal gradients can lead to lower energy consumption, making this approach more efficient and sustainable for future spintronic applications.  For this purpose, a series of thermal and micromagnetic simulations are carried out using the COMSOL and MuMAX3 softwares to gain knowledge about the thermal gradients that appear in different structures and predict more reliably how these could affect the movement of Skyrmions. The modeling is complemented by experimental characterization of the magnetic state of the fabricated nanostructures, showing hystesis loops compatible with the appearance of Skyrmions.&lt;br />&lt;br /></subfield>
  </datafield>
  <datafield tag="521" ind1=" " ind2=" ">
    <subfield code="a">Máster en Materiales Nanoestructurados para Aplicaciones Nanotecnológicas (Nanostructured Materials for Nanotechnology Applications)</subfield>
  </datafield>
  <datafield tag="540" ind1=" " ind2=" ">
    <subfield code="a">Derechos regulados por licencia Creative Commons</subfield>
  </datafield>
  <datafield tag="856" ind1="0" ind2=" ">
    <subfield code="f">739382@unizar.es</subfield>
  </datafield>
  <datafield tag="856" ind1="4" ind2=" ">
    <subfield code="s">12381057</subfield>
    <subfield code="u">http://zaguan.unizar.es/record/169623/files/TAZ-TFM-2025-1007.pdf</subfield>
    <subfield code="y">Memoria (spa)</subfield>
  </datafield>
  <datafield tag="909" ind1="C" ind2="O">
    <subfield code="o">oai:zaguan.unizar.es:169623</subfield>
    <subfield code="p">driver</subfield>
    <subfield code="p">trabajos-fin-master</subfield>
  </datafield>
  <datafield tag="950" ind1=" " ind2=" ">
    <subfield code="a"></subfield>
  </datafield>
  <datafield tag="691" ind1=" " ind2=" ">
    <subfield code="a">7 9</subfield>
  </datafield>
  <datafield tag="692" ind1=" " ind2=" ">
    <subfield code="a">Data storage is a prominent source of energy consumption, which is expected to continue growing as our demands increase the size of digital files and so does our use of electronics and digital functionalities. Improvements in storage technologies will be beneficial the achievement of lower electronics-related carbon footprints.</subfield>
  </datafield>
  <datafield tag="700" ind1=" " ind2=" ">
    <subfield code="a">ANADÓN BARCELONA, ALBERTO</subfield>
    <subfield code="e">dir.</subfield>
  </datafield>
  <datafield tag="700" ind1=" " ind2=" ">
    <subfield code="a">BRAN, CRISTINA</subfield>
    <subfield code="e">dir.</subfield>
  </datafield>
  <datafield tag="710" ind1="2" ind2=" ">
    <subfield code="a">Universidad de Zaragoza</subfield>
    <subfield code="b">Física de la Materia Condensada</subfield>
    <subfield code="c">Física de la Materia Condensada</subfield>
  </datafield>
  <datafield tag="980" ind1=" " ind2=" ">
    <subfield code="a">TAZ</subfield>
    <subfield code="b">TFM</subfield>
    <subfield code="c">CIEN</subfield>
  </datafield>
  <datafield tag="999" ind1=" " ind2=" ">
    <subfield code="a">20250708121136.CREATION_DATE</subfield>
  </datafield>
  <datafield tag="951" ind1=" " ind2=" ">
    <subfield code="a">deposita:2026-03-04</subfield>
  </datafield>
</record>
</collection>